Ghosts of Singapore
| Main Author: | |
|---|---|
| Format: | Book |
| Published: |
Singapore :
Heinemann Asia ,
1990
|
| Subjects: |
MARC
| LEADER | 00000cam a2200000 7i4500 | ||
|---|---|---|---|
| 001 | 0000003977 | ||
| 002 | 000004282 | ||
| 005 | 20000330.0 | ||
| 020 | |a 9971642271 | ||
| 090 | 0 | 0 | |a F |b GOH |
| 100 | 0 | |a Goh Sin Tub | |
| 245 | 1 | 0 | |a Ghosts of Singapore |c Goh Sin Tub |
| 260 | |a Singapore : |b Heinemann Asia , |c 1990 | ||
| 300 | |a 138 p. ; |c 17 cm. | ||
| 650 | 0 | 0 | |a Ghost fiction |
| 999 | |a 035419 |b BUKU |c PINJAMAN |e PERPUSTAKAAN KOMUNITI PETALING JAYA | ||